Statistics for Animals By Picture - Letter I

Click here to take the quiz!

General Stats

  • This quiz has been taken 224 times
  • The average score is 4 of 8

Answer Stats

Answer% Correct
Iguana
91%
Ibis
71%
Impala
69%
Ibex
53%
Insect
46%
Inchworm
41%
Indri
28%
Isopod
25%

Score Distribution

Percentile by Number Answered

Percent of People with Each Score

Your Score History

You have not taken this quiz